| 000 | 00000nam##2200000za#4500 |
| 001 | 9.700335 |
| 003 | CaOODSP |
| 005 | 20210625000805 |
| 007 | cr ||||||||||| |
| 008 | 150407|1981||||xxc|||||o f|0| 0 eng|d |
| 040 | |aCaOODSP|beng |
| 043 | |an-cn--- |
| 086 | 1 |aA53-1303/1981E-PDF |
| 110 | 1 |aCanada.|bAgriculture Canada. |bInformation Services. |
| 245 | 10|aRhododendrons in the Atlantic provinces / |h[electronic resource]|c[by] D.L. Craig. |
| 250 | |aRev. |
| 260 | |aSaint-Jean-sur-Richelieu - Quebec : |bAgriculture Canada. |cc1981. |
| 300 | |a28p.|bcoloured illus., figs. |
| 500 | |aHistorical publication digitized by Agriculture and Agri-Food Canada. |
| 590 | |a15-02-Supp|b2015-02-16 |
| 690 | 07|aFlora|2gcpds |
| 720 | 1 |aCraig, D. L. |
| 775 | 08|tLes rhododendrons dans la région atlantique / |w(CaOODSP)9.644233 |
| 856 | 40|ahttp://publications.gc.ca|qPDF|s2697 KB|uhttps://publications.gc.ca/collections/collection_2015/aac-aafc/A53-1303-1981-eng.pdf |
| 986 | |aPublication 1303 |